000 00680nam a22001815i 4500
001 164952
003 ES-MaACL
005 20230906213035.0
008 950206s1865 fr |||| | fre d
040 _aCLM
100 1 _aSchoebel, M.
_9132564
245 1 0 _aPhilosophie de la raison pure
_b: avec un appendice de critique historique /
_cpar M. Schoebel.
260 _aParis :
_bGermer Baillière, libraire-éditeur,
_c1865 (
_fImprimerie de E. Martinet)
300 _a235, 32 p. ;
_c19 cm.
505 8 _aCon pág. propia catálogo de obras publicadas por G. Baillière, fechado en ¸octobre 1881¸
597 1 _aAntep.
852 _aES-MaACL
_jF-11509
_z-- Enc. pasta española
999 _c164952
_d164952